000 00348nam a2200157Ia 4500
003 OSt
005 20240103162717.0
008 170524s9999 xx 000 0 und d
020 _a9780074517017
040 _cIIMTU
100 _aJain RP
245 0 _aDigital Electronics and Microprocessors
260 _bTMH
260 _c2004
942 _2ddc
_c02
999 _c5029
_d5029